Entry Personal Name
Number of records used in: 1
001 - CONTROL NUMBER
003 - CONTROL NUMBER IDENTIFIER
005 - DATE AND TIME OF LATEST TRANSACTION
- control field:
20200124113147.0
008 - FIXED-LENGTH DATA ELEMENTS
- fixed length control field:
790425n| azannaab |a aaa
010 ## - LIBRARY OF CONGRESS CONTROL NUMBER
- LC control number:
n 79034848
040 ## - CATALOGING SOURCE
- Original cataloging agency:
DLC
- Language of cataloging:
eng
- Description conventions:
rda
- Transcribing agency:
DLC
- Modifying agency:
DLC
100 1# - HEADING--PERSONAL NAME
- Personal name:
Makens, James C.
400 10 - SEE FROM TRACING--PERSONAL NAME
- Personal name:
Makens, James
670 ## - SOURCE DATA FOUND
- Source citation:
His Makens' guide to U.S. canoe trails, 1971.
670 ## - SOURCE DATA FOUND
- Source citation:
Marketing for hospitality and tourism, c1996:
- Information found:
CIP galley t.p. (James Makens)
670 ## - SOURCE DATA FOUND
- Source citation:
Phone call to Prentice Hall, 9/8/95
- Information found:
(James Makens is same person as James C. Makens)
670 ## - SOURCE DATA FOUND
- Source citation:
Information from 678 converted Dec. 8, 2014
- Information found:
(Ph.D.)